| 000 | 00622nam a22002177a 4500 | ||
|---|---|---|---|
| 003 | OSt | ||
| 005 | 20140310181931.0 | ||
| 008 | 130722t xxu||||| |||| 00| 0 eng d | ||
| 020 | _a155799465X | ||
| 050 |
_aQA 40.5 _b.M821 1995 |
||
| 082 |
_aTRM 372.70EMC _bM78d 1995 |
||
| 100 |
_aMoore, Jo Ellen _92724 |
||
| 245 |
_aDivision-basic facts / _cJo Ellen Moore. |
||
| 260 |
_aMontery, Calif : _bEvan-Moor Corp, _cc1995. |
||
| 300 |
_a33 p. : _bill. ; _c28 cm. |
||
| 521 | _aFaculty | ||
| 541 | _j1 | ||
| 562 | _e1 | ||
| 650 |
_aMathematics _xStudy and teaching (Elementary). _92726 |
||
| 942 |
_2lcc _cBK-TR _kTR |
||
| 999 |
_c7357 _d7357 |
||